Podstawowe angielskie słowa - Statystyki

Ogólne statystyki
  • Ten quiz został rozwiązany 1 608 razy
  • Średni wynik to 61 z 102
Statystyki odpowiedzi
Słowo Word % Poprawnych
robić do
99%
pies dog
98%
chleb bread
95%
woda water
95%
kuchnia kitchen
92%
szkoła school
92%
cukier sugar
92%
dom house
91%
historia history
88%
1 one
87%
2 two
87%
Europa Europe
86%
7 seven
86%
6 six
86%
10 ten
86%
5 five
85%
3 three
85%
8 eight
84%
4 four
84%
lewo left
84%
9 nine
83%
gra game
82%
iść go
82%
słońce sun
82%
muzyka music
81%
prawo (kierunek) right
81%
Rosja Russia
79%
drzewo tree
79%
Japonia Japan
78%
księżyc moon
77%
czytać read
77%
wojna war
77%
świat world
76%
małpa monkey
75%
pisać write
75%
aktor actor
74%
ulica street
74%
niedźwiedź bear
73%
kościół church
73%
Ziemia Earth
73%
garaż garage
72%
artysta artist
71%
Azja Asia
71%
motyl butterfly
71%
animacja animation
70%
frytki chips
70%
wilk wolf
67%
przyjacielski friendly
66%
Kuba Cuba
65%
plecy back
62%
lis fox
61%
film movie
61%
sala lekcyjna classroom
60%
kucharz cook
60%
zapomnieć forget
59%
Korea Północna North Korea
59%
złamać break
58%
walka fight
58%
kolano knee
56%
dach roof
56%
Ameryka Południowa South America
56%
ciężarówka truck
55%
Wielka Brytania (pełna nazwa) United Kingdom
54%
nieśmiały shy
53%
Słowenia Slovenia
52%
Stany Zjednoczone (pełna nazwa) United States Of America
51%
geniusz genius
50%
sowa owl
50%
Czechy Czech Republic
48%
prawo (zawód) law
48%
pewny siebie confident
47%
broda beard
46%
silnik engine
46%
balkon balcony
44%
dumny proud
44%
miecz sword
44%
123 one hundred twenty-three
43%
piwnica basement
42%
łuk bow
42%
papież pope
42%
strzała arrow
41%
sędzia judge
41%
informatyka IT
40%
orzeł eagle
39%
ślimak snail
39%
paliwo fuel
34%
szkielet skeleton
33%
inżynier engineer
31%
zdenerwowany nervous
27%
Daleki Wschód Far East
26%
uczciwy honest
26%
Wisła Vistula
26%
rozczarowany disappointed
24%
Jan Paweł II John Paul II
22%
w punkt on point
18%
advantages zalety
17%
Piotr Wielki Peter the Great
15%
2021 r. two thousand twenty-one
15%
blok mieszkalny block of flats
13%
1941 r. nineteen forty-one
12%
w dziesiątkę bull's-eye
6%
Zachodni Pakistan Western Pakistan
6%
Nie znaleziono quizów pasujących do podanych kryteriów
Rozkład punktacji
Procent ludzi z każdym wynikiem
Percentyl według liczby udzielonych odpowiedzi
Twoja historia wyników
Nie rozwiązałeś tego quizu